000 00309nam a2200085Ia 4500
245 0 _aCook, eat, love, grow : healthy meals for babies, children and the rest of the family
100 _a Westerhout, Louise Cape Town, South Africa, 2012
_940314
942 _cBK
008 210817s9999 xx 000 0 und d
999 _c326718
_d326717